000 00574nam a2200181Ia 4500
008 090124s9999 xx 000 0 und d
082 _b15253
_a1351
100 _aटोळ दत्ता श्री.
245 _a असे होते ना.गोखले
250 _a1
260 _c1966
300 _a52
600 _aटोळ दत्ता श्री.
630 _a असे होते ना.गोखले
700 _aटोळ दत्ता श्री.
730 _a असे होते ना.गोखले
942 _cBOOK
999 _c129193
_d129193